Primeros informes de anidación con notas ecológicas de Capito quinticolor y C. squamatus (aves: Capitonidae) del Pacífico colombiano (Registro nro. 15395)

Detalles MARC
000 -CABECERA
Campo de control 005230000a22001210004500
090 ## - CLASIFICACIÓN LOCAL
Colección AS
Consecutivo Seriadas
041 0# - IDIOMA
Código de idioma para texto/pista de sonido o título separado
100 1# - ASIENTO PRINCIPAL--NOMBRE PERSONAL
Nombre personal Strewe, Ralf
245 10 - MENCION DE TITULO
Título Primeros informes de anidación con notas ecológicas de Capito quinticolor y C. squamatus (aves: Capitonidae) del Pacífico colombiano
246 3# - FORMA VARIANTE DEL TITULO
Título propiamente dicho/forma breve del título First report of nesting with ecological notes of Capito quinticolor and C. squamatus (aves: Capitonidae) from the colombian Pacific region
773 1# - Item fuente:
Título Caldasia
Descripción física 1
Paginas del Articulo 221-224
Lugar, editorial y fecha de publicación 2002
Información sobre la relación 24
942 ## - ELEMENTOS ADICIONALES (KOHA)
Tipo de ítem Artículo

No hay ítems disponibles.